| 000 | 01359nam a22003737a 4500 | ||
|---|---|---|---|
| 001 | 0013734 | ||
| 003 | KOHA_MİRAKIL | ||
| 005 | 20260207001930.0 | ||
| 007 | ta | ||
| 008 | 100219b1997 tu |||gr||||#||||0|tur | | ||
| 020 |
_a9751718686 _c0,01 |
||
| 040 |
_aTR-BiSEU _btur _cTR-BiSEU _erda |
||
| 041 | 0 | _atur | |
| 044 | _ctu | ||
| 050 |
_aZ6605.T8 _bD86 1997 |
||
| 100 | 1 | _aDuman, Hasan. | |
| 240 | 1 | 0 |
_aThe role of Turkey in the world of manuscripts _lTürkçe |
| 245 | 1 |
_aEl yazmaları dünyasında Türkiye'nin yeri = _bThe role of Turkey in the world of manuscripts/ _cHasan Duman ; Hasan Duman. |
|
| 264 | 1 |
_aAnkara : _bKültür Bakanlığı _c1997 |
|
| 300 | _a70, [46] sayfa: resimli; 22 cm. | ||
| 336 |
_ametin _btxt _2rdacontent |
||
| 337 |
_aaracısız _bn _2rdamedia |
||
| 338 |
_acilt _bnc _2rdacarrier |
||
| 490 | 1 |
_aKültür Bakanlığı yayınları ; _v1992. |
|
| 490 | 1 |
_aYayımlar Dairesi Başkanlığı kültür eserleri dizisi ; _v200. |
|
| 500 | _aKitap Osmanlıca metin içermektedir. | ||
| 650 | 0 |
_aManuscripts--Turkey. _932289 |
|
| 650 | 0 |
_aManuuscripts. _932290 |
|
| 650 | 0 |
_aEl yazmaları--Türkiye. _932291 |
|
| 650 | 0 |
_aEl yazmaları. _932292 |
|
| 830 | 1 |
_aKültür Bakanlığı yayınları ; _v1992. _96658 |
|
| 830 | 1 |
_aYayımlar Dairesi Başkanlığı kültür eserleri dizisi ; _v200. _913801 |
|
| 942 |
_2lcc _cBK |
||
| 999 |
_c13698 _d13698 |
||